header

Drama education with digital technology (Record no. 55412)

MARC details
000 -LEADER
fixed length control field 01490nam a2200385Ia 4500
082 04 - DEWEY DECIMAL CLASSIFICATION NUMBER
Classification number 792.078/5
245 00 - TITLE STATEMENT
Title Drama education with digital technology
260 ## - PUBLICATION, DISTRIBUTION, ETC. (IMPRINT)
Place of publication New York, NY :
Name of publisher Continuum International Pub. Group,
Year of publication c2009.
300 ## - PHYSICAL DESCRIPTION
Number of Pages xv, 234 p.
490 0# - SERIES STATEMENT
Series statement Education and digital technology series
500 ## - GENERAL NOTE
General note Includes index.
650 #0 - SUBJECT ADDED ENTRY--TOPICAL TERM
Topical Term Drama
Topical Term Drama
Topical Term Drama in education.
Topical Term Computer games.
Topical Term Digital electronics.
700 1# - ADDED ENTRY--PERSONAL NAME
Personal name Anderson, Michael,
Personal name Carroll, John,
Personal name Cameron, David.
856 40 - ELECTRONIC LOCATION AND ACCESS
Uniform Resource Identifier http://site.ebrary.com/lib/rucke/Doc?id=10329965

No items available.

© 2026 Rongo University
Contact us: librarian | system librarian | Rongo university